000 00716cam a2200217 i 4500
999 _c7686
_d7686
003 OSt
005 20200317154342.0
008 150619s2015 sz ae 001 0 eng
020 _a9783037681916 (hd. bd.)
082 _a725.31
_bBAK
100 1 _aBaker, Lisa,
_d1982-
245 1 0 _aLevel-1 :
_bcontemporary underground stations of the world /
_cLisa Baker.
246 3 0 _aContemporary underground stations of the world
250 _a1st edition.
300 _a191 pages :
_bchiefly color illustrations, plans ;
_c25 x 29 cm
500 _aIncludes index.
650 0 _aSubway stations
_vPictorial works.
650 0 _aSubway stations
_xDesign and construction.
650 0 _aUnderground architecture.
942 _2ddc